000
00255nam a22001097a 4500
082
_a
621.56 SKE'R
100
_a
SKEIKH, ABDUL GAFFAR
_9
75106
245
_a
REFRIGERATION AIR CONDITIONING
260
_a
LAHORE
_b
HANDRAD
_c
1980
300
_a
310P
942
_c
BK
999
_c
580592
_d
580592